00664 2200217 4500001002100000005001500021035002000036007000300056008004100059020002200100082001600122084002200138100003400160245005900194250002000253260006200273300003200335650003700367650002600404990001600430INLIS00000000000052920250711015013 a0010-0725000529ta250711 a 0 ind  a978-623-472-663-3 a398.209 598 a398.209 598 ALL y0 aAll Children Reading Cambodia1 aYang Telah Kupelajari /cAll Children Reading Cambodia aCetakan Pertama aJakarta :bBadan Pengembangan dan Pembinaan Bahasa,c2022 a20 hlm. :bIlus. ;c22,9 cm 4aCERITA ANAK INDONESIA-TERJEMAHAN 4aLITERASI-BAHAN BACAAN aTBM04340434